000 00925nas a2200313 4500
001 BR2013002478
003 BR-BrBNA
005 20231205122137.0
007 ta
008 230509b bl.|||p| |||| 00| 00por d
040 _aBR-BrBNA
_bpor
_cBiblioteca Nacional de Agricultura
041 _a(En)
072 _aQ03
100 1 _aFonseca, G.P.
100 1 _aCruz, A.G.
100 1 _aFaria, J.A.F.
100 1 _aSilva, R.
100 1 _aMoura, M.R.L.
100 1 _aCarvalho, L.M.J.
245 1 _aAntibiotic residues in Brazilian UHT milk: a screening study
650 _aLEITE
650 _aCONTAMINAÇÃO
650 _aANTIBIÓTICO
650 _aRESÍDUO
773 0 _tCiência e Tecnologia de Alimentos (Brazil)
_xISSN 1678-457X
_g(Apr-Jun 2009), V. 29(2) p. 451-453
_wBR2013002478
856 4 0 _uhttp://www.scielo.br/pdf/cta/v29n2/35.pdf
909 _a202311
_bLúcia
_c55
_dLúcia Elande
942 _2AGRIS
_n0
_cANA
999 _c227131
_d227131